my hero academia character quiz - Statistics

General Stats
  • This quiz has been taken 422 times
  • The average score is 34 of 145
Answer Stats
Answer % Correct
Bakugo
89%
All Might
83%
todoroki
80%
Midoriya
79%
Dabi
72%
Denki
72%
Kirishima
70%
Mina
70%
Momo
68%
Toga
68%
Mineta
66%
Shigaraki
66%
Uraraka
66%
Jiro
65%
Endeavor
64%
All For One
63%
Eraser Head
62%
Tsuyu
62%
Hawks
57%
Midnight
57%
Present Mic
57%
Sero
54%
Tokoyami
54%
Twice
51%
Koda
50%
Hagakure
47%
Aoyama
46%
Monoma
45%
Ojiro
45%
Sato
45%
Mirio
44%
Shoji
43%
Best Jeanist
41%
Shin
41%
Tamaki
39%
Mirko
38%
Mt. Lady
38%
Ida
37%
Overhaul
37%
Shinso
37%
Spinner
37%
Kendo
36%
Nejire
34%
Gran Torino
32%
Kurogiri
32%
Mr. compress
32%
Stain
32%
Fat Gum
29%
Magne
29%
Tetsu-Tetsu
29%
Vlad King
28%
Edgeshot
27%
Kamui Woods
25%
Thirteen
25%
Ectoplasm
23%
Gang Orca
22%
Mei
22%
Snipe
22%
wash
21%
Cementoss
20%
Muscular
20%
Sir Nighteye
20%
Hound Dog
18%
Ingenium
18%
Ms. Joke
18%
Ryukyu
15%
Bubble Girl
14%
Mandalay
14%
Pixie-Bob
14%
Tiger
14%
Pony
13%
Ragdoll
13%
Shiozaki
13%
Awase
12%
Manual
12%
Mustard
12%
Yu
12%
La Brava
11%
Manga
11%
Moonfish
11%
Nana Shimura
11%
Rock Lock
11%
Rin
10%
Gentle Criminal
9%
Gunhead
9%
Komori
9%
Gigantomachia
8%
Juzo
8%
Kaibara
8%
Kuroiro
8%
Shishida
8%
Tokage
8%
Bondo
7%
Centipeder
7%
Death Arms
7%
Kamakiri
7%
Kodai
7%
Nine
7%
Oboro
7%
Shoda
7%
Crimson Riot
6%
Kosei
6%
Toya
6%
Yanagi
6%
Fourth Kind
5%
Giran
5%
Backdraft
4%
Mimic
4%
Rappa
4%
Sirius
4%
Uwabami
4%
Air jet
3%
Chronostasis
3%
David Shield
3%
Shishido
3%
x
3%
Snatch
2%
Yuyu
2%
Chimera
1%
Cow Lady
1%
Curious
1%
Daigo
1%
Fuwa
1%
Godzillo
1%
Hood
1%
Mr. Principle
1%
Mummy
1%
Rikiya
1%
Tabe
1%
Wolfram
1%
Zookeeper
1%
Amplifier
0%
Bearhead
0%
Bee Pop
0%
Curator
0%
Dusty Ash
0%
Gust Boy
0%
Hekiji
0%
innsmouth
0%
Kyudai
0%
Nobu
0%
Pop Step
0%
Slice
0%
Swordkil
0%
Volcano
0%
No matching quizzes found
Score Distribution
Percent of People with Each Score
Percentile by Number Answered
Your Score History
You have not taken this quiz